Statistiques concernant Coachs de foot par images #2

Cliquez ici pour prendre le quiz!

Statistiques générales

  • Ce quiz a été pris 61 fois
  • Le résultat moyen est 11 sur 15

Statistiques - réponses

Réponse% Correct
Thomas Tuchel
100%
Pep Guardiola
98%
Thierry Henry
97%
Xabi Alonso
97%
Mikel Arteta
91%
Unai Emery
91%
Sir Alex Ferguson
86%
Ronald Koeman
84%
Rudi Garcia
81%
Antonio Conte
78%
Marcelo Bielsa
74%
Massimiliano Allegri
64%
Johan Cruyff
60%
Arrigo Sacchi
21%
Michel Hidalgo
12%

Distribution des résultats

Percentile par nombre de réponses

% des personnes avec chaque résultat

Votre développement - résultats

Vous n’avez pas pris ce quiz